[Event "FRA-ch du Nord"]
[Site "France"]
[Date "2003.04.14"]
[Round "4"]
[White "Delannoy, Frederic"]
[Black "Viard, Victor"]
[Result "1-0"]
[WhiteElo "1580"]
[BlackElo "1150"]
[PlyCount "65"]
[EventDate "2003.04.12"]
[EventType "swiss"]
[EventRounds "7"]
[EventCountry "FRA"]
[SourceTitle "EXT 2008"]
[Source "ChessBase"]
[SourceDate "2007.11.25"]
[SourceVersion "1"]
[SourceVersionDate "2007.11.25"]
[SourceQuality "1"]

1. e4 e6 2. b3 d5 3. Bb2 Nf6 4. e5 Ng8 5. f4 Nc6 6. g3 f6 7. Nf3 Be7 8. Bd3 Nh6 9. Nc3 Ng4 10. h3 d4 11. hxg4 dxc3 12. Bxc3 0-0 13. Bxh7+ Kf7 14. Qe2 Rh8 15. Bb2 b6 16. 0-0-0 a5 17. Qe4 f5 18. Qxc6 Bd7 19. Qc4 b5 20. Qd3 b4 21. a4 fxg4 22. Bg6+ Kg8 23. Rxh8+ Kxh8 24. Rh1+ Kg8 25. Be4 gxf3 26. Qxf3 Kf7 27. Bxa8 Bh4 28. Qh5+ Kg8 29. Qxh4 g6 30. Qh7+ Kf8 31. Qh8+ Ke7 32. Qxd8+ Kxd8 33. Rh8+ 1-0

[Event "FRA-ch du Nord"]
[Site "France"]
[Date "2003.04.14"]
[Round "5"]
[White "Viard, Victor"]
[Black "Foutrein, Vincent"]
[Result "0-1"]
[WhiteElo "1150"]
[BlackElo "1800"]
[PlyCount "112"]
[EventDate "2003.04.12"]
[EventType "swiss"]
[EventRounds "7"]
[EventCountry "FRA"]
[SourceTitle "EXT 2008"]
[Source "ChessBase"]
[SourceDate "2007.11.25"]
[SourceVersion "1"]
[SourceVersionDate "2007.11.25"]
[SourceQuality "1"]

1. e4 c5 2. Nf3 Nc6 3. Bc4 e6 4. Nc3 b6 5. 0-0 Bb7 6. d4 Na5 7. Ne5 d6 8. Bb5+ Ke7 9. Ng4 a6 10. Qf3 axb5 11. Re1 f6 12. d5 e5 13. Nxb5 Bc8 14. Ne3 Qd7 15. a4 Ba6 16. c4 Nb7 17. Bd2 g6 18. Nc3 Na5 19. Nb5 Nb3 20. Rad1 Nd4 21. Nxd4 cxd4 22. Nc2 Bxc4 23. Nb4 h5 24. Nc6+ Ke8 25. Rc1 Ba6 26. h3 Bb7 27. Nb4 Rc8 28. Nc2 g5 29. Na3 Rxc1 30. Rxc1 Be7 31. Nc4 Bd8 32. Rf1 Ba6 33. Rc1 g4 34. Qg3 Ne7 35. f3 f5 36. Bg5 f4 37. Qf2 gxh3 38. gxh3 Qxh3 39. Rc2 Bxc4 40. Qg2 Qxg2+ 41. Kxg2 Rg8 42. Rxc4 Rxg5+ 43. Kf2 h4 44. b4 h3 45. a5 bxa5 46. bxa5 Bxa5 47. Ra4 Bd2 48. Ra1 Be3+ 49. Ke2 Rg2+ 50. Kd3 Rd2+ 51. Kc4 Rc2+ 52. Kb3 Rc3+ 53. Kb4 h2 54. Rb1 Nc8 55. Rh1 Bg1 56. Rxh2 Bxh2 0-1